00397nam a22001577a 450000500170000001000150001702000250003203500140005703700090007108200100008010000170009024500300010726000360013727000450017330000210021820240508171331.0 aENG-140214 c75.00a9789384761110 aEN-123746 bDBAD a004.1 aAhilya, Rani aComputer/cby Rani Ahilya aBiharbLucent Publicationc2007 bPatnaaNew Bypass Road, Ashochake800030 a228p.c21cm(pbk)